Air transportation : a management perspective
Αποθηκεύτηκε σε:
| Κύριος συγγραφέας: | |
|---|---|
| Μορφή: | Βιβλίο |
| Γλώσσα: | English |
| Δημοσίευση: |
Aldershot, England :
Ashgate,
c2007
|
| Έκδοση: | 6th ed. |
| Θέματα: | |
| Ετικέτες: |
Προσθήκη ετικέτας
Δεν υπάρχουν, Καταχωρήστε ετικέτα πρώτοι!
|
MARC
| LEADER | 00000nam a2200000 i 4500 | ||
|---|---|---|---|
| 001 | 1/82658 | ||
| 008 | 080416s2007 eng d | ||
| 020 | |a 978-0-7546-7165-7 (hbk.) | ||
| 020 | |a 978-0-7546-7171-8 (pbk.) | ||
| 035 | |l 10096719 | ||
| 040 | |a GR-MY-UA |b gre |e aacr | ||
| 041 | 0 | |a eng | |
| 082 | 0 | |a 387.7068 |2 (22) | |
| 100 | 1 | |a Wensveen, J. G. | |
| 245 | 1 | 0 | |a Air transportation : |b a management perspective / |c by John G. Wensveen |
| 250 | |a 6th ed. | ||
| 260 | |a Aldershot, England : |b Ashgate, |c c2007 | ||
| 300 | |a xxi, 568 σ.; |b εικ.; |c 26 εκ. | ||
| 504 | |a Περιλαμβάνει βιβλιογραφικές παραπομπές και ευρετήριο | ||
| 650 | 0 | 0 | |a Airlines |x Management. |
| 650 | 0 | 0 | |a Aeronautics, Commercial. |
| 852 | |a INST |b CHIOS |e 20080416 |h 387.7068 WEN |p 005200027378 |q 005200027378 |t BK |y 0 | ||
| 901 | |a BIBL2-2008-1 | ||
| 909 | |a Χ |b 151791 | ||
| 922 | |a 2ΕΛΗ |b 200803 |c ΕΠΕΑΕΚ2/ΤΝΕΥ |d ΕΛΕΥΘΕΡΟΥΔΑΚΗΣ | ||
| 970 | |a ΒΑΡΦΗΣ |b ΒΑΓΓΕΛΗΣ |z 2008/04/16 | ||